000 00847nam a2200301Ia 4500
003 OSt
005 20220912151457.0
006 a|||||r|||| 00| 0
007 ta
008 220909b |||||||| |||| 00| 0 eng d
024 _a14373
037 _cTextbook
040 _aCSL
_beng
_cCSL
041 _aeng
082 _aCN, L5-;1 TC
100 _aAdler Ronald
245 0 _aIntroduction to general relativity
250 _a2
260 _aNew York
_b McGraw-Hill Book Company
_c1975
300 _a549p.
_ccm.
490 _aInternational series in pure and applied physics
500 _aIndex 537-549p.
_ccm.
650 _aRelativity
700 _a Bazin Maurice
700 _a Schiffer Menahem
942 _hCN, L5-;1 TC
_cTB
_2CC
999 _c69430
_d69430